Catálogo

Comunicación dominada : (Registro nro. 64312)

Detalles MARC
000 -LEADER
fixed length control field 01177cam a2200301 i 4500
001 - CONTROL NUMBER
control field 64312
003 - CONTROL NUMBER IDENTIFIER
control field Mx-PuUPA
005 - DATE AND TIME OF LATEST TRANSACTION
control field 20220921131643.0
008 - FIXED-LENGTH DATA ELEMENTS--GENERAL INFORMATION
fixed length control field 151007s1980 mx gr 000 0 spa d
020 ## - INTERNATIONAL STANDARD BOOK NUMBER
Canceled/invalid ISBN 9684292090
040 ## - CATALOGING SOURCE
Original cataloging agency Mx-PuUPA
Language of cataloging spa
Description conventions rda
Transcribing agency Mx-PuUPA
Modifying agency Mx-PuUPA
041 0# - LANGUAGE CODE
Language code of text/sound track or separate title spa
100 1# - MAIN ENTRY--PERSONAL NAME
Personal name Beltrán, Luis Ramiro,
Dates associated with a name Consultor
Relator term autor
9 (RLIN) 13262
245 10 - TITLE STATEMENT
Title Comunicación dominada :
Remainder of title Estados Unidos en los medio de América Latina /
Statement of responsibility, etc. Luis Ramiro Beltrán y Elizabeth Fox de Cardona
250 ## - EDITION STATEMENT
Edition statement Primera edición
264 #1 - PRODUCTION, PUBLICATION, DISTRIBUTION, MANUFACTURE, AND COPYRIGHT NOTICE
Place of production, publication, distribution, manufacture México, D.F. :
Name of producer, publisher, distributor, manufacturer Editorial Nueva Imagen,
-- Instituto Latinoamericano de Estudios Transnacionales,
Date of production, publication, distribution, manufacture, or copyright notice ©1980
300 ## - PHYSICAL DESCRIPTION
Extent 176 páginas ;
Dimensions 20 cm
336 ## - CONTENT TYPE
Content type term texto
Content type code txt
Fuente rdacontent
337 ## - MEDIA TYPE
Media type term sin medio
Media type code n
Source rdamedia
338 ## - CARRIER TYPE
Carrier type term volumen
Carrier type code nc
Source rdacarrier
650 #7 - SUBJECT ADDED ENTRY--TOPICAL TERM
Source of heading or term armarc
Topical term or geographic name entry element Medios de comunicación de masas
Geographic subdivision América Latina
650 #7 - SUBJECT ADDED ENTRY--TOPICAL TERM
Source of heading or term armarc
Topical term or geographic name entry element Medios de comunicación
Geographic subdivision Estados Unidos
General subdivision Influencia
650 #7 - SUBJECT ADDED ENTRY--TOPICAL TERM
Source of heading or term armarc
Topical term or geographic name entry element Influencia de los medios de comunicación
700 1# - ADDED ENTRY--PERSONAL NAME
Personal name Fox de Cardona, Elizabeth,
Relator term autor
942 ## - ADDED ENTRY ELEMENTS (KOHA)
Source of classification or shelving scheme Dewey Decimal Classification
Koha item type Libro
Classification part 302.23
Item part B425
Existencias
Withdrawn status Lost status Source of classification or shelving scheme Damaged status Not for loan Collection code Home library Current library Shelving location Date acquired Source of acquisition Total Checkouts Full call number Barcode Date last seen Price effective from Koha item type
    Dewey Decimal Classification     General Biblioteca Karol Wojtyla Biblioteca Karol Wojtyla Sala general 03/12/2013 Compra   302.23 B425 1980 62913 05/01/2026 03/12/2013 Libro